Abraham marcus electricity for technicians
Guardado en:
| Formato: | Libro |
|---|---|
| Lenguaje: | Vietnamese |
| Publicado: |
American :
Abraham Marcus ,
1968
|
| Edición: | In lần thứ 1 |
| Materias: | |
| Etiquetas: |
Agregar Etiqueta
Sin Etiquetas, Sea el primero en etiquetar este registro!
|
| Thư viện lưu trữ: | Thư viện Trường CĐ Kỹ Thuật Cao Thắng |
|---|
| LEADER | 00577nam a2200193 a 4500 | ||
|---|---|---|---|
| 001 | TVCDKTCT672 | ||
| 003 | Thư viện trường Cao đẳng Kỹ thuật Cao Thắng | ||
| 005 | 20050803000000 | ||
| 008 | 050803 | ||
| 980 | \ | \ | |a Thư viện Trường CĐ Kỹ Thuật Cao Thắng |
| 024 | |a RG_1 #1 eb0 i1 | ||
| 041 | 0 | # | |a vie |
| 082 | # | # | |a 621.3 / |b M100A-a |
| 245 | 0 | 0 | |a Abraham marcus electricity for technicians |
| 250 | # | # | |a In lần thứ 1 |
| 260 | # | # | |a American : |b Abraham Marcus , |c 1968 |
| 300 | # | # | |a 490tr. ; |c 21cm |
| 650 | # | 4 | |a Điện |
| 650 | # | 4 | |a Kỹ thuật |